History Quiz

Random History Quiz

Governors General of New Zealand Quiz Stats

 Plays Quiz not verified by Sporcle

Challenge
Share
Tweet
Embed
Score 0/65 Timer 10:00
0 Plays Today
Hint Answer % Correct
4 Apr 2001 to 4 Aug 2006Hon. Dame Silvia Cartwright
96.4%
23 Aug 2006 to 23 Aug 2011Sir Anand Satyanand
96.4%
22 Nov 1985 to 20 Nov 1990Rt Revd. Sir Paul Reeves
92.9%
31 Aug 2011 to 31 Aug 2016Lieutenant General Sir Jerry Mateparae
92.9%
28 Sep 2016 - incumbentDame Patsy Reddy
92.9%
24 Nov 1840 to 10 Sep 1842Captain William Hobson
89.3%
21 Mar 2001 to 4 Apr 2001Dame Sian Elias*
89.3%
4 Aug 2006 to 23 Aug 2006Dame Sian Elias*
89.3%
24 Aug 2011 to 31 Aug 2011Dame Sian Elias*
89.3%
31 Aug 2016 to 28 Sep 2016Dame Sian Elias*
89.3%
9 Aug 1897 to 20 Jun 1904Uchter Knox, the Earl of Ranfurly
85.7%
21 Mar 1996 to 21 Mar 2001Rt Hon. Sir Michael Hardie Boys
85.7%
20 Nov 1990 to 21 Mar 1996Dame Catherine Tizard
82.1%
10 Sep 1842 to 26 Dec 1843 Willoughby Shortland*
78.6%
3 Jan 1854 to 6 Sep 1855 Robert Wynard*
78.6%
3 Oct 1861 to Dec 1861Robert Wynard*
78.6%
14 Jun 1873 to 3 Dec 1874Rt Hon. Sir James Fergusson
78.6%
2 May 1889 to 25 Feb 1892William Onslow, Earl of Onslow
78.6%
13 Dec 1924 to 8 Feb 1930General Sir Charles Fergusson
78.6%
19 Dec 1912 to 8 Jul 1920 (Title changed from Governor to Governor General)Arthur Foljambe, Earl of Liverpool
78.6%
19 Mar 1930 to 15 Mar 1935Charles Bathurst, Lord Bledisloe
78.6%
9 Nov 1962 to 20 Oct 1967Brigadier Sir Bernard Fergusson
78.6%
26 Oct 1977 to 25 Oct 1980Rt Hon. Sir Keith Holyoake
78.6%
6 Jun 1892 to 8 Feb 1897David Boyle, Earl of Glasgow
75%
20 Oct 1967 to 1 Dec 1967Sir Richard Wild*
75%
7 Sep 1972 to 27 Sep 1972Sir Richard Wild*
75%
1 Dec 1967 to 7 Sep 1972Sir Arthur Porritt
75%
5 October 1977 to 26 Oct 1977Sir Richard Wild*
75%
6 Sep 1855 to 3 Oct 1861Colonel Thomas Gore Browne
71.4%
29 Nov 1880 to 24 Jun 1882The Hon. Sir Arthur Hamilton-Gordon
71.4%
8 Feb 1930 to 19 Mar 1930Sir Michael Myers*
71.4%
15 Mar 1935 to 12 Apr 1935Sir Michael Myers*
71.4%
19 Apr 1946 to 17 Jun 1946Sir Michael Myers*
71.4%
Hint Answer % Correct
6 Nov 1980 to 22 Nov 1985Hon. Sir David Beattie
71.4%
3 Feb 1941 to 22 Feb 1941Sir Michael Myers*
71.4%
18 Nov 1845 to 3 Jan 1854Sir George Grey
67.9%
Dec 1861 to 5 Feb 1868Sir George Grey
67.9%
8 Jun 1910 to 22 Jun 1910Sir Robert Stout*
67.9%
22 Jun 1910 to 3 Dec 1912John Dickson-Poynder, Baron Poynder, Lord Islington
67.9%
3 Dec 1912 to 19 Dec 1912Sir Robert Stout*
67.9%
8 Jul 1920 to 27 Sep 1920Sir Robert Stout*
67.9%
17 Jun 1946 to 15 Aug 1952Lieutenant-General Lord Freyberg
67.9%
26 Dec 1843 to 18 Nov 1845Captain Robert Fitzroy
64.3%
20 Jan 1883 to 23 Mar 1889Lieutenant-General Sir William Jervois
64.3%
27 Sep 1920 to 12 Dec 1924John Jellicoe, Earl Jellicoe
64.3%
5 Feb 1868 to 19 Mar1873Sir George Ferguson Bowen
60.7%
20 Jun 1904 to 8 Jun 1910William Plunket, Baron Plunket
60.7%
2 Dec 1952 to 25 Juy 1957Lieutenant-General Lord Norrie
60.7%
21 Feb 1879 to 27 Mar 1879James Prendergast*
57.1%
9 Sep 1880 to 29 Nov 1880James Prendergast*
57.1%
24 Jun 1882 to 20 Jan 1883James Prendergast*
57.1%
23 Mar 1889 to 2 May 1889James Prendergast*
57.1%
25 Feb 1892 to 6 Jun 1892James Prendergast*
57.1%
8 Feb 1897 to 9 Aug 1897James Prendergast*
57.1%
27 Sep 1972 to 5 Oct 1977Sir Denis Blundell
57.1%
12 Apr 1935 to 3 Feb 1941George Monckton-Arundel, Viscount Galway
53.6%
25 Jul 1957 to 5 Sep 1957Sir Harold Eric Barrowclough*
50%
13 Sep 1962 to 9 Nov 1962Sir Harold Eric Barrowclough*
50%
15 Aug 1952 to 2 Dec 1952Sir Humphrey O'Leary*
42.9%
5 Sep 1957 to 13 Sep 1962Charles Lyttelton, Viscount Cobham
42.9%
3 Dec 1874 to 21 Feb 1879George Phipps, Marquess of Normanby
35.7%
27 Mar 1879 to 9 Sep 1880Sir Hercules Robinson
35.7%
19 Mar 1873 to 14 Jun 1873Sir George Arney*
32.1%
25 Oct 1980 to 6 Nov 1980Sir Ronald Davison*
32.1%
22 Feb 1941 to 19 Apr 1946Sir Cyril Newall
14.3%

You're not logged in!

Compare scores with friends on all Sporcle quizzes.
OR
Log In

You Might Also Like...

Show Comments

Extras

Created Aug 12, 2017ReportNominate
Tags:governor, New Zealand, zealand

Top Quizzes Today


Score Distribution

Your Account Isn't Verified!

In order to create a playlist on Sporcle, you need to verify the email address you used during registration. Go to your Sporcle Settings to finish the process.

Report this User

Report this user for behavior that violates our Community Guidelines.

Details: